000 01034nam a2200313 i 4500
001 000025888
003 DO-SdBNP
005 20250924073802.0
007 ta
008 110224s1998 dr 000 0 spa d
040 _aDO-SdBNP
_bspa
_cBNPHU
_erda
041 _aspa
082 _axxx
_bC355c
_222
100 1 _aCastro, Aquiles
_eautor
_923129
245 1 3 _aLa concepción de la Vega o Vega vieja /
_cAquiles Castro.
264 _aSanto Domingo :
_bUniversidad Autónoma de Santo Domingo,
_c1998.
300 _a23 páginas ;
_c22 cm.
336 _ardacontent
_btexto
_2txt
337 _ardamedia
_bsin mediación
_2n
338 _ardacarrier
_bvolume
_2nc
490 1 _aPublicaciones de la Universidad Autónoma de Santo Domingo
_v851
490 1 _aCultura y Sociedad
_vno. 4
504 _aBibliografía : página 23-
590 _aInventariado, 2025/DG
830 _aPublicaciones de la Universidad Autónoma de Santo Domingo
_vv. 851
_952
830 0 _aCultura y Sociedad
_nno. 4
_952747
910 _aDG
942 _2ddc
_cLBS1
999 _c25380
_d25380